| 000 | 00525nam a22001817a 4500 | ||
|---|---|---|---|
| 003 | CEME | ||
| 005 | 20210628203717.0 | ||
| 008 | 210317b xxu||||| |||| 00| 0 eng d | ||
| 020 | _a0-8120-0506-6 | ||
| 040 | _c. | ||
| 082 | _a907.2 SAN'W | ||
| 100 |
_aSanderlin, David _946082 |
||
| 245 | _aWriting the history paper, how to select collect interpret organize and write your term paper | ||
| 260 |
_aRAWALPINDI _bARMY EDUCATION PRESS _c1975 |
||
| 300 | _a126P | ||
| 650 |
_aHISTORICAL RESEARCH _966965 |
||
| 942 |
_cBK _2ddc |
||
| 999 |
_c574823 _d574823 |
||